[Event "Bad Soden U14 op"]
[Site "Bad Soden"]
[Date "2019.10.06"]
[Round "8"]
[White "Markosyan, Aleksandr"]
[Black "Lehmann, Nils"]
[Result "1/2-1/2"]
[WhiteElo "1759"]
[BlackElo "1629"]
[PlyCount "97"]
[EventDate "2019.10.03"]
[EventType "swiss"]
[EventRounds "9"]
[EventCountry "GER"]
[SourceTitle "CBM 192 Extra"]
[Source "Chessbase"]
[SourceDate "2019.11.06"]
[SourceVersion "1"]
[SourceVersionDate "2019.11.06"]
[SourceQuality "1"]

1. e4 g6 2. d4 Bg7 3. Nf3 d6 4. Nc3 a6 5. Bc4 b5 6. Bb3 Nf6 7. a3 0-0 8. 0-0 Bb7 9. Re1 Re8 10. Bf4 Nbd7 11. Qd2 e5 12. dxe5 dxe5 13. Bg3 Qe7 14. Rad1 Red8 15. Nd5 Nxd5 16. exd5 Qd6 17. Qe2 Re8 18. c4 bxc4 19. Bxc4 Nb6 20. Qd3 Qc5 21. Ba2 Rad8 22. Nxe5 Bxd5 23. b4 Qb5 24. Qxb5 axb5 25. Bxd5 Rxd5 26. Nc6 Rxd1 27. Rxd1 Nc4 28. Bxc7 Nxa3 29. Kf1 Bf8 30. Ba5 Rc8 31. Ne5 Bg7 32. Rd5 Nc2 33. Ke2 Bxe5 34. Rxe5 Rc4 35. Rxb5 f5 36. Rc5 Re4+ 37. Kd2 Nxb4 38. f3 Rh4 39. Rc8+ Kf7 40. h3 Nd5 41. Ra8 Rd4+ 42. Ke2 Nf6 43. Bc3 Rd7 44. Ra6 Nd5 45. Bb2 Nf4+ 46. Kf1 Rd1+ 47. Kf2 Nd3+ 48. Ke2 Nxb2 49. Ra2 1/2-1/2

[Event "Bad Soden U14 op"]
[Site "Bad Soden"]
[Date "2019.10.04"]
[Round "3"]
[White "Lehmann, Nils"]
[Black "Middendorf, Sven Jonas"]
[Result "1-0"]
[WhiteElo "1629"]
[BlackElo "1382"]
[PlyCount "147"]
[EventDate "2019.10.03"]
[EventType "swiss"]
[EventRounds "9"]
[EventCountry "GER"]
[SourceTitle "CBM 192 Extra"]
[Source "Chessbase"]
[SourceDate "2019.11.06"]
[SourceVersion "1"]
[SourceVersionDate "2019.11.06"]
[SourceQuality "1"]

1. e4 e5 2. Nf3 Nc6 3. Bc4 Bc5 4. c3 Nf6 5. d3 0-0 6. Nbd2 d6 7. Nf1 Bg4 8. h3 Be6 9. Bb5 Bd7 10. Ba4 Qe8 11. Bc2 d5 12. Ng3 Rd8 13. Qe2 dxe4 14. dxe4 Qe7 15. Nh2 Be6 16. Ng4 Nxg4 17. hxg4 Qf6 18. Nf5 g6 19. g5 Qh8 20. Nh6+ Kg7 21. b4 Be7 22. b5 Nb8 23. f4 exf4 24. Bxf4 f6 25. Bxc7 Rc8 26. gxf6+ Bxf6 27. e5 Rxc7 28. exf6+ Rxf6 29. Qe5 Re7 30. Ng4 Nd7 31. Qd6 Bf7+ 32. Qxe7 Re6+ 33. Qxe6 Bxe6 34. Nf2 Kg8 35. Ne4 Qe5 36. 0-0 Bf5 37. Rfe1 Bxe4 38. Rxe4 Qc5+ 39. Rd4 Nf6 40. Rf1 Qxc3 41. Bb3+ Kg7 42. Rdf4 Qc5+ 43. R1f2 Qc1+ 44. Kh2 Qc3 45. Rxf6 Qxf6 46. Rxf6 Kxf6 47. Kg3 Kf5 48. Kh4 h5 49. Bc2+ Kf6 50. g4 hxg4 51. Kxg4 g5 52. a4 b6 53. Bb1 Ke6 54. Kxg5 Kd6 55. Kf5 Kd5 56. Kf6 Kd6 57. Bf5 Kc7 58. Ke7 Kb8 59. Kd8 Kb7 60. Be4+ Kb8 61. Kd7 a6 62. bxa6 Ka7 63. Bd3 Kb8 64. Kc6 Ka7 65. Bb5 Kb8 66. Kxb6 Kc8 67. a7 Kd8 68. a8Q+ Ke7 69. Qc6 Kf7 70. Qd6 Kg7 71. Qe6 Kh8 72. Qe7 Kg8 73. Bd3 Kh8 74. Qh7# 1-0

[Event "Bad Soden U14 op"]
[Site "Bad Soden"]
[Date "2019.10.04"]
[Round "2"]
[White "Oezyar, Arin"]
[Black "Lehmann, Nils"]
[Result "0-1"]
[WhiteElo "1345"]
[BlackElo "1629"]
[PlyCount "32"]
[EventDate "2019.10.03"]
[EventType "swiss"]
[EventRounds "9"]
[EventCountry "GER"]
[SourceTitle "CBM 192 Extra"]
[Source "Chessbase"]
[SourceDate "2019.11.06"]
[SourceVersion "1"]
[SourceVersionDate "2019.11.06"]
[SourceQuality "1"]

1. e4 e6 2. d4 d5 3. Nc3 Nf6 4. Bd3 c5 5. Be3 Nc6 6. dxc5 d4 7. Qd2 dxe3 8. Qxe3 a6 9. 0-0-0 Qc7 10. Nf3 Nd7 11. Nd5 Qa5 12. Nc3 Bxc5 13. Qe2 Bb4 14. Nb1 Qxa2 15. c3 Bc5 16. Na3 Bxa3 0-1

[Event "Rhein Main op-A 22nd"]
[Site "Bad Homburg"]
[Date "2019.06.20"]
[Round "3"]
[White "Lahouel, Kim Luca"]
[Black "Lehmann, Nils"]
[Result "1-0"]
[WhiteElo "1974"]
[BlackElo "1630"]
[PlyCount "51"]
[EventDate "2019.06.19"]
[EventType "swiss"]
[EventRounds "9"]
[EventCountry "GER"]
[SourceTitle "EXT 2020"]
[Source "ChessBase"]
[SourceDate "2019.10.17"]
[SourceVersion "1"]
[SourceVersionDate "2019.10.17"]
[SourceQuality "1"]

1. e4 e5 2. Nf3 Nc6 3. Bc4 Bc5 4. b4 Bxb4 5. c3 Ba5 6. d4 exd4 7. 0-0 dxc3 8. Qb3 Qf6 9. e5 Nxe5 10. Nxe5 Qxe5 11. Bxf7+ Kf8 12. Na3 Bb6 13. Nc4 Qf6 14. Bh5 Ne7 15. Nxb6 axb6 16. Bg5 Qf5 17. Rae1 Ng6 18. Re3 Qxg5 19. Rfe1 d5 20. Rf3+ Bf5 21. Qxd5 Ra5 22. Rxf5+ Qxf5 23. Qd8+ Kf7 24. Re7+ Kf6 25. Re8+ Kf7 26. Qe7# 1-0

[Event "Rhein Main op-A 22nd"]
[Site "Bad Homburg"]
[Date "2019.06.20"]
[Round "2"]
[White "Lehmann, Nils"]
[Black "Browning, Alex"]
[Result "0-1"]
[WhiteElo "1630"]
[BlackElo "2319"]
[PlyCount "62"]
[EventDate "2019.06.19"]
[EventType "swiss"]
[EventRounds "9"]
[EventCountry "GER"]
[SourceTitle "EXT 2020"]
[Source "ChessBase"]
[SourceDate "2019.10.17"]
[SourceVersion "1"]
[SourceVersionDate "2019.10.17"]
[SourceQuality "1"]

1. e4 c5 2. Nf3 d6 3. d4 cxd4 4. Nxd4 Nf6 5. Nc3 a6 6. Be2 e5 7. Nb3 Be7 8. a4 0-0 9. 0-0 Nbd7 10. f4 b6 11. Bf3 Bb7 12. Be3 Rc8 13. Qe2 Qc7 14. Rad1 Rfe8 15. Qd3 exf4 16. Bxf4 Ne5 17. Qd4 Bf8 18. Rfe1 h6 19. Bg3 g5 20. Nd2 d5 21. Bxe5 Rxe5 22. Qd3 d4 23. Ne2 g4 24. Nxd4 gxf3 25. Qxf3 Bc5 26. Nc4 Bxd4+ 27. Rxd4 Qc5 28. Qg3+ Rg5 29. Qf2 Ng4 30. b4 Qxb4 31. Nxb6 Qxb6 0-1

[Event "Heusenstamm Sparkassen op-A 5th"]
[Site "Heusenstamm"]
[Date "2018.11.24"]
[Round "4"]
[White "Lehmann, Nils"]
[Black "Neubauer, Robert"]
[Result "1/2-1/2"]
[WhiteElo "1665"]
[BlackElo "1899"]
[PlyCount "72"]
[EventDate "2018.11.22"]
[EventType "swiss"]
[EventRounds "7"]
[EventCountry "GER"]
[SourceTitle "CBM 188 Extra"]
[Source "ChessBase"]
[SourceDate "2019.02.28"]
[SourceVersion "1"]
[SourceVersionDate "2019.02.28"]
[SourceQuality "1"]

1. e4 e5 2. Nf3 Nf6 3. d4 Nxe4 4. Bd3 d5 5. Nxe5 Be7 6. 0-0 0-0 7. c4 Be6 8. Qc2 Nf6 9. Be3 h6 10. Nc3 c6 11. b3 Nbd7 12. f4 Kh8 13. f5 Nxe5 14. dxe5 Ng4 15. Bf4 dxc4 16. Bxc4 Bxc4 17. bxc4 Qd4+ 18. Kh1 Nxe5 19. Rad1 Qc5 20. Rfe1 Bf6 21. Bxe5 Bxe5 22. Ne4 Qa5 23. Qb3 Rab8 24. c5 f6 25. h3 b6 26. Qe6 Qa4 27. cxb6 axb6 28. Nd6 Qf4 29. Rxe5 fxe5 30. Nf7+ Kh7 31. Qg6+ Kg8 32. Rd7 e4 33. Ng5 Qf1+ 34. Kh2 Qf4+ 35. Kh1 Qf1+ 36. Kh2 Qf4+ 1/2-1/2

[Event "Heusenstamm Sparkassen op-A 5th"]
[Site "Heusenstamm"]
[Date "2018.11.24"]
[Round "5"]
[White "Poschadel, Andreas Gregor"]
[Black "Lehmann, Nils"]
[Result "0-1"]
[WhiteElo "1854"]
[BlackElo "1665"]
[PlyCount "150"]
[EventDate "2018.11.22"]
[EventType "swiss"]
[EventRounds "7"]
[EventCountry "GER"]
[SourceTitle "CBM 188 Extra"]
[Source "ChessBase"]
[SourceDate "2019.02.28"]
[SourceVersion "1"]
[SourceVersionDate "2019.02.28"]
[SourceQuality "1"]

1. e4 e5 2. Nf3 Nc6 3. Bb5 Bc5 4. d3 d6 5. h3 Nf6 6. c3 a6 7. Ba4 Ba7 8. Bc2 h6 9. 0-0 0-0 10. Re1 Ne7 11. Nbd2 Ng6 12. Nf1 Be6 13. d4 Re8 14. Ng3 Nh7 15. Be3 Ng5 16. Qe2 Qf6 17. Nxg5 hxg5 18. Rad1 Nf4 19. Qd2 g6 20. Nf1 Kg7 21. Bxf4 gxf4 22. d5 Bd7 23. Qe2 Bxh3 24. Qf3 Qg5 25. Qxh3 Rh8 26. Qf3 Qh4 27. g3 fxg3 28. Nxg3 Qh2+ 29. Kf1 Rh4 30. Qg2 Bxf2 31. Nh5+ Rxh5 32. Qxf2 Qxf2+ 33. Kxf2 Rh2+ 34. Ke3 Rxc2 35. Rd2 Rxd2 36. Kxd2 Rh8 37. Re2 f5 38. exf5 gxf5 39. c4 Kf6 40. b4 e4 41. a4 Ke5 42. Rg2 Kd4 43. c5 dxc5 44. bxc5 Kxc5 45. Rg7 Kxd5 46. Rxc7 b5 47. Ra7 Rh6 48. axb5 axb5 49. Rf7 Rh5 50. Ke3 Rh3+ 51. Ke2 Rf3 52. Rb7 Kc4 53. Rc7+ Kb3 54. Rb7 b4 55. Rb5 Kc4 56. Rb8 b3 57. Rc8+ Kb4 58. Rb8+ Ka3 59. Ra8+ Kb2 60. Rb8 Kc2 61. Rc8+ Kb1 62. Rb8 b2 63. Rb5 Ka2 64. Ra5+ Ra3 65. Rb5 b1Q 66. Rxb1 Kxb1 67. Kf2 f4 68. Ke2 Kc2 69. Kf2 e3+ 70. Kf3 Kd2 71. Kxf4 e2 72. Kf5 e1Q 73. Kf6 Rf3+ 74. Kg5 Qg1+ 75. Kh4 Rf8 0-1

[Event "Heusenstamm Sparkassen op-A 5th"]
[Site "Heusenstamm"]
[Date "2018.11.23"]
[Round "2"]
[White "Mehlen, Theodor"]
[Black "Lehmann, Nils"]
[Result "1-0"]
[WhiteElo "1919"]
[BlackElo "1665"]
[PlyCount "77"]
[EventDate "2018.11.22"]
[EventType "swiss"]
[EventRounds "7"]
[EventCountry "GER"]
[SourceTitle "CBM 188 Extra"]
[Source "ChessBase"]
[SourceDate "2019.02.28"]
[SourceVersion "1"]
[SourceVersionDate "2019.02.28"]
[SourceQuality "1"]

1. e4 e5 2. Nf3 Nc6 3. Bc4 Bc5 4. c3 Nf6 5. d3 d6 6. Nbd2 a6 7. Bb3 Ba7 8. h3 Ne7 9. Nf1 Ng6 10. Ne3 c6 11. Bc2 0-0 12. 0-0 Re8 13. Re1 h6 14. Nf1 Nh7 15. Ng3 Ng5 16. Nxg5 hxg5 17. Qf3 Nf4 18. Be3 Qf6 19. Kh2 Qg6 20. Nf5 Qf6 21. g3 Ne6 22. Qd1 Rd8 23. d4 Nf8 24. Qc1 Nh7 25. Rd1 Bxf5 26. exf5 Re8 27. dxe5 Rxe5 28. Bxa7 Rxa7 29. Qd2 d5 30. Re1 Ra8 31. Rxe5 Qxe5 32. Re1 Qd6 33. Qe3 Kf8 34. f6 g6 35. Qe7+ Qxe7 36. Rxe7 Rb8 37. Bxg6 fxg6 38. Rxh7 b5 39. Rh8+ 1-0

[Event "Arber op 7th"]
[Site "Bodenmais"]
[Date "2018.08.01"]
[Round "5"]
[White "Lehmann, Nils"]
[Black "Lindstaedt, Erik"]
[Result "1-0"]
[WhiteElo "1681"]
[BlackElo "919"]
[PlyCount "101"]
[EventDate "2018.07.28"]
[EventType "swiss"]
[EventRounds "9"]
[EventCountry "GER"]
[SourceTitle "CBM 185 Extra"]
[Source "ChessBase"]
[SourceDate "2018.07.29"]
[SourceVersion "1"]
[SourceVersionDate "2018.07.29"]
[SourceQuality "1"]

1. e4 c6 2. d4 d6 3. Nf3 Bg4 4. Nbd2 Nf6 5. Bd3 e6 6. 0-0 d5 7. c3 dxe4 8. Nxe4 Be7 9. Re1 0-0 10. Nxf6+ Bxf6 11. Bf4 Nd7 12. Be2 Re8 13. Ne5 Bxe2 14. Qxe2 Bxe5 15. Bxe5 Nxe5 16. Qxe5 Qd5 17. Qxd5 exd5 18. f3 f6 19. b3 Kf7 20. Kf2 g5 21. Rac1 Rac8 22. c4 Rxe1 23. Kxe1 dxc4 24. bxc4 Rc7 25. Kd2 Ke6 26. Kd3 Rd7 27. Re1+ Kf7 28. h3 h5 29. Re4 a6 30. f4 b5 31. fxg5 fxg5 32. Re5 Kf6 33. Rc5 Rd6 34. h4 gxh4 35. Rxh5 b4 36. Rxh4 c5 37. Rh6+ Ke7 38. Rh7+ Kd8 39. Rh4 a5 40. d5 a4 41. Rh8+ Kc7 42. Ra8 Rg6 43. Rxa4 Rxg2 44. Ra6 Rg3+ 45. Ke2 Rg4 46. Rc6+ Kd7 47. Rxc5 Rd4 48. Ke3 Rd1 49. Rb5 Kd6 50. Rb6+ Kc5 51. Rc6# 1-0

[Event "Arber op 7th"]
[Site "Bodenmais"]
[Date "2018.07.30"]
[Round "3"]
[White "Lehmann, Nils"]
[Black "Hoffmann, Steffen1"]
[Result "1-0"]
[WhiteElo "1681"]
[BlackElo "1417"]
[PlyCount "59"]
[EventDate "2018.07.28"]
[EventType "swiss"]
[EventRounds "9"]
[EventCountry "GER"]
[SourceTitle "CBM 185 Extra"]
[Source "ChessBase"]
[SourceDate "2018.07.29"]
[SourceVersion "1"]
[SourceVersionDate "2018.07.29"]
[SourceQuality "1"]

1. e4 c5 2. Nf3 Nf6 3. e5 Nd5 4. d4 cxd4 5. Nxd4 e6 6. c4 Nb6 7. Nc3 d5 8. exd6 Bxd6 9. Be3 Be7 10. Qc2 0-0 11. Be2 Bd7 12. 0-0 Nc6 13. Rad1 Rc8 14. Nxc6 Rxc6 15. b3 Bc5 16. Bf3 Rc8 17. Bxb7 Rc7 18. Bxc5 Rxc5 19. Bf3 Qc7 20. Rd3 Rg5 21. Rfd1 Bc6 22. Bxc6 Qxc6 23. Rg3 Rf5 24. Qd2 Qc5 25. Qd4 Qxd4 26. Rxd4 Re5 27. Kf1 Nc8 28. Rgd3 Ne7 29. Rd7 Nf5 30. Rxa7 1-0

[Event "Rhein Main op-B 21st"]
[Site "Bad Homburg"]
[Date "2018.06.03"]
[Round "7"]
[White "Becker, Guenter"]
[Black "Lehmann, Nils"]
[Result "0-1"]
[WhiteElo "1820"]
[BlackElo "1558"]
[PlyCount "114"]
[EventDate "2018.05.30"]
[EventType "swiss"]
[EventRounds "7"]
[EventCountry "GER"]
[SourceTitle "EXT 2019"]
[Source "ChessBase"]
[SourceDate "2018.10.10"]
[SourceVersion "1"]
[SourceVersionDate "2018.10.10"]
[SourceQuality "1"]

1. c4 e6 2. g3 d5 3. Bg2 Nf6 4. Nf3 Be7 5. 0-0 0-0 6. d4 b6 7. cxd5 Nxd5 8. e4 Nf6 9. Nc3 Bb7 10. Re1 c5 11. e5 Nd5 12. Nxd5 Bxd5 13. b3 Nc6 14. Be3 cxd4 15. Bxd4 Nxd4 16. Nxd4 Bxg2 17. Kxg2 Bc5 18. Nf3 Qc7 19. Rc1 Rfd8 20. Qc2 Qb7 21. Re4 Rac8 22. Rc4 Ra8 23. b4 Bf8 24. Rc7 Qd5 25. Qc4 b5 26. Qxd5 Rxd5 27. Rb7 Bxb4 28. Rcc7 Rf8 29. Ng5 Rxe5 30. Nxf7 Re2 31. Kf1 Rxa2 32. f4 Bc3 33. Ng5 Rd8 34. Rd7 Rxd7 35. Rxd7 Bf6 36. Nxe6 a5 37. Rb7 b4 38. Rb5 Kf7 39. Ng5+ Bxg5 40. fxg5 a4 41. Rxb4 a3 42. Ra4 Rxh2 43. Rxa3 Kg6 44. Ra7 Rb2 45. Re7 Rb5 46. Kg2 Rxg5 47. Re4 Kf5 48. Rf4+ Kg6 49. Kh3 Rh5+ 50. Kg2 h6 51. Kg1 Rd5 52. Kg2 Kg5 53. Kf3 Rf5 54. Rxf5+ Kxf5 55. g4+ Ke5 56. Kg3 Ke4 57. g5 h5 0-1

[Event "GER-ch U12"]
[Site "Willingen"]
[Date "2018.05.21"]
[Round "4"]
[White "Lehmann, Nils"]
[Black "Gressler, Christian"]
[Result "1-0"]
[WhiteElo "1654"]
[BlackElo "1336"]
[PlyCount "85"]
[EventDate "2018.05.19"]
[EventType "swiss"]
[EventRounds "11"]
[EventCountry "GER"]
[SourceTitle "CBM 184 Extra"]
[Source "ChessBase"]
[SourceDate "2018.06.28"]
[SourceVersion "1"]
[SourceVersionDate "2018.06.28"]
[SourceQuality "1"]

1. e4 e6 2. d4 d5 3. Nd2 Nf6 4. e5 Nfd7 5. Bd3 c5 6. c3 Nc6 7. Ngf3 Qb6 8. 0-0 cxd4 9. cxd4 Nxd4 10. Nxd4 Qxd4 11. Nf3 Qb6 12. Qa4 Be7 13. Qg4 g6 14. h4 Qb4 15. Qg3 h5 16. Re1 Qg4 17. Qf4 Qxf4 18. Bxf4 b6 19. Rac1 Nc5 20. Bb1 Ba6 21. Re3 Rc8 22. Rec3 Kd7 23. Ng5 Bxg5 24. Bxg5 Na4 25. Ra3 Rxc1+ 26. Bxc1 Rc8 27. Be3 Bb5 28. Bd3 Bxd3 29. Rxa4 Rc7 30. f3 Kc8 31. Rf4 Kd8 32. g4 Ke7 33. Ra4 Rb7 34. Kf2 b5 35. Bc5+ Kd7 36. Rxa7 Rxa7 37. Bxa7 Kc6 38. Ke3 Bb1 39. a3 Kd7 40. Kf4 Ke7 41. Kg5 f6+ 42. exf6+ Kf7 43. Bd4 1-0

[Event "Heusenstamm Sparkassen op-B 4th"]
[Site "Heusenstamm"]
[Date "2017.11.26"]
[Round "6"]
[White "Lehmann, Nils"]
[Black "Pohle, Saskia"]
[Result "1-0"]
[WhiteElo "1524"]
[BlackElo "1497"]
[PlyCount "145"]
[EventDate "2017.11.23"]
[EventType "swiss"]
[EventRounds "7"]
[EventCountry "GER"]
[SourceTitle "EXT 2019"]
[Source "ChessBase"]
[SourceDate "2018.10.10"]
[SourceVersion "1"]
[SourceVersionDate "2018.10.10"]
[SourceQuality "1"]

1. e4 e5 2. Nf3 Nc6 3. Bc4 Nf6 4. d3 Be7 5. c3 0-0 6. 0-0 a6 7. Bb3 d5 8. exd5 Nxd5 9. Re1 Bf6 10. Nbd2 Nf4 11. Ne4 Be7 12. Bc2 Bf5 13. Nxe5 Nxe5 14. Bxf4 Ng6 15. Bg3 Qd7 16. d4 Rad8 17. Nd2 Bxc2 18. Qxc2 Rfe8 19. Nf3 Bd6 20. Bxd6 Qxd6 21. Re4 Kf8 22. Rae1 Qd7 23. Qb3 c6 24. Qb4+ Ne7 25. Ng5 h6 26. Nh7+ Kg8 27. Nf6+ gxf6 28. Rxe7 Qc8 29. Kf1 b5 30. f3 Rf8 31. R1e4 Qf5 32. Qb3 Rd7 33. Rg4+ Kh8 34. Rxd7 Qxd7 35. Qc2 Qd5 36. Qd2 Qh5 37. Qf4 Rg8 38. Qxf6+ Kh7 39. Rh4 Qg6 40. Qxg6+ fxg6 41. Re4 Rg7 42. Re6 Rc7 43. Re8 a5 44. b3 Ra7 45. Rc8 Ra6 46. Ke2 Kg7 47. Ke3 Kf6 48. Ke4 a4 49. b4 Ke6 50. g4 Kf6 51. f4 Ke6 52. a3 Kf6 53. h4 Ke6 54. Rh8 h5 55. gxh5 gxh5 56. Rxh5 Ra7 57. Re5+ Kf6 58. Rc5 Rc7 59. f5 Rc8 60. Kf4 Rc7 61. d5 Rc8 62. Rxc6+ Rxc6 63. dxc6 Ke7 64. Ke5 Kf7 65. c7 Kg7 66. h5 Kh6 67. c8Q Kg5 68. f6 Kxh5 69. Kf5 Kh4 70. Qg8 Kh3 71. Kf4 Kh2 72. Kf3 Kh1 73. Qg2# 1-0

[Event "Heusenstamm Sparkassen op-B 4th"]
[Site "Heusenstamm"]
[Date "2017.11.25"]
[Round "5"]
[White "Kohn, Matthias"]
[Black "Lehmann, Nils"]
[Result "1-0"]
[WhiteElo "1739"]
[BlackElo "1524"]
[PlyCount "71"]
[EventDate "2017.11.23"]
[EventType "swiss"]
[EventRounds "7"]
[EventCountry "GER"]
[SourceTitle "EXT 2019"]
[Source "ChessBase"]
[SourceDate "2018.10.10"]
[SourceVersion "1"]
[SourceVersionDate "2018.10.10"]
[SourceQuality "1"]

1. c4 e5 2. g3 Nf6 3. Bg2 Bc5 4. Nc3 c6 5. Nf3 d6 6. d3 Nbd7 7. 0-0 Nf8 8. Bg5 h6 9. Bxf6 Qxf6 10. Ne4 Qe7 11. Nxc5 dxc5 12. Qc2 Ne6 13. e3 Qd6 14. Rad1 0-0 15. Qc3 f6 16. d4 cxd4 17. exd4 e4 18. Nh4 f5 19. d5 Ng5 20. dxc6 Qxc6 21. Rfe1 f4 22. Rd4 f3 23. Bf1 Re8 24. c5 Kh8 25. Rd6 Qc7 26. Rxh6+ Kg8 27. Bc4+ Be6 28. Bxe6+ Nxe6 29. Rg6 Rad8 30. Nf5 Rd7 31. Qc4 Qe5 32. Nd6 Ree7 33. Rxe4 Qxb2 34. Rgxe6 Qa1+ 35. Re1 Qb2 36. Rxe7+ 1-0

[Event "Heusenstamm Sparkassen op-B 4th"]
[Site "Heusenstamm"]
[Date "2017.11.24"]
[Round "3"]
[White "Jung, Kenny"]
[Black "Lehmann, Nils"]
[Result "0-1"]
[WhiteElo "1465"]
[BlackElo "1524"]
[PlyCount "55"]
[EventDate "2017.11.23"]
[EventType "swiss"]
[EventRounds "7"]
[EventCountry "GER"]
[SourceTitle "EXT 2019"]
[Source "ChessBase"]
[SourceDate "2018.10.10"]
[SourceVersion "1"]
[SourceVersionDate "2018.10.10"]
[SourceQuality "1"]

1. e4 e5 2. Nf3 Nc6 3. Bb5 Bc5 4. d3 d6 5. Bxc6+ bxc6 6. h3 h6 7. Nc3 Nf6 8. Na4 Bb6 9. Nxb6 cxb6 10. c4 Qc7 11. Qe2 Bb7 12. b3 0-0 13. Nh4 Bc8 14. Qf3 Qe7 15. Be3 Be6 16. 0-0-0 Rac8 17. Nf5 Bxf5 18. Qxf5 d5 19. g4 Nh7 20. h4 d4 21. Bd2 a5 22. Kb2 c5 23. h5 Rc6 24. Qf3 Ng5 25. Qf5 Rf6 26. Bxg5 hxg5 27. Qxg5 Rxf2+ 28. Rd2 0-1

[Event "Heusenstamm Sparkassen op-B 3rd"]
[Site "Heusenstamm"]
[Date "2016.11.27"]
[Round "5"]
[White "Lehmann, Nils"]
[Black "Graef, Jakob Vincent"]
[Result "1-0"]
[WhiteElo "1505"]
[BlackElo "1108"]
[PlyCount "137"]
[EventDate "2016.11.27"]
[EventType "swiss"]
[EventRounds "7"]
[EventCountry "GER"]
[SourceTitle "EXT 2018"]
[Source "ChessBase"]
[SourceDate "2017.10.13"]
[SourceVersion "1"]
[SourceVersionDate "2017.10.13"]
[SourceQuality "1"]

1. e4 c6 2. d4 d5 3. Nc3 g6 4. e5 e6 5. h4 Bg7 6. Bg5 Ne7 7. Qf3 Qb6 8. Bxe7 Kxe7 9. 0-0-0 a5 10. Na4 Qb4 11. Qb3 Nd7 12. c3 Qxb3 13. axb3 b5 14. Nc5 Nxc5 15. dxc5 Bxe5 16. Nf3 Bf4+ 17. Kb1 h5 18. g3 Bh6 19. Ne5 Bb7 20. f4 Bg7 21. Re1 a4 22. b4 a3 23. Rh2 a2+ 24. Ka1 Ra6 25. Rhe2 Bxe5 26. Rxe5 Bc8 27. Bg2 Bd7 28. Bh3 Kf6 29. Rg1 Ra7 30. Rg2 Ra4 31. Re3 Be8 32. b3 Ra3 33. Rxa2 Rxa2+ 34. Kxa2 Bd7 35. Re1 Ra8+ 36. Kb2 Ra7 37. Ra1 Rxa1 38. Kxa1 Be8 39. Kb2 e5 40. Kc2 exf4 41. gxf4 Ke7 42. Kd3 Bd7 43. Bxd7 Kxd7 44. c4 dxc4+ 45. bxc4 bxc4+ 46. Kxc4 f6 47. Kd4 Ke6 48. Ke4 f5+ 49. Kd4 Kf6 50. b5 cxb5 51. c6 Ke7 52. Kc5 Kd8 53. Kxb5 Kc8 54. Kc5 Kc7 55. Kd5 Kd8 56. Ke5 Kc7 57. Kf6 Kxc6 58. Kxg6 Kd6 59. Kxf5 Ke7 60. Kg5 Kf7 61. Kxh5 Kf6 62. Kg4 Kf7 63. f5 Kf6 64. h5 Kg7 65. Kg5 Kf7 66. f6 Kg8 67. Kg6 Kf8 68. f7 Ke7 69. Kg7 1-0

[Event "Heusenstamm Sparkassen op-B 3rd"]
[Site "Heusenstamm"]
[Date "2016.11.27"]
[Round "6"]
[White "Lehmann, Nils"]
[Black "Werner, Tom"]
[Result "0-1"]
[WhiteElo "1505"]
[BlackElo "1667"]
[PlyCount "50"]
[EventDate "2016.11.27"]
[EventType "swiss"]
[EventRounds "7"]
[EventCountry "GER"]
[SourceTitle "EXT 2018"]
[Source "ChessBase"]
[SourceDate "2017.10.13"]
[SourceVersion "1"]
[SourceVersionDate "2017.10.13"]
[SourceQuality "1"]

1. e4 e6 2. d4 d5 3. e5 c5 4. c3 Qb6 5. Nf3 Nc6 6. a3 Bd7 7. Be2 cxd4 8. cxd4 Nge7 9. Be3 Qxb2 10. Nbd2 Qc3 11. 0-0 Nf5 12. Nb1 Qxa1 13. Qb3 Na5 14. Qc2 Rc8 15. Qd2 Nb3 16. Qd3 Nxe3 17. Qxe3 Qb2 18. Qf4 Qxe2 19. Re1 Qb2 20. Ng5 Rc1 21. Qxf7+ Kd8 22. Nf3 Qxb1 23. Kf1 Bb5+ 24. Kg1 Rxe1+ 25. Nxe1 Qxe1# 0-1

[Event "Heusenstamm Sparkassen op-B 3rd"]
[Site "Heusenstamm"]
[Date "2016.11.27"]
[Round "4"]
[White "Muegendt, Brian Christopher"]
[Black "Lehmann, Nils"]
[Result "1-0"]
[WhiteElo "1720"]
[BlackElo "1505"]
[PlyCount "109"]
[EventDate "2016.11.27"]
[EventType "swiss"]
[EventRounds "7"]
[EventCountry "GER"]
[SourceTitle "EXT 2018"]
[Source "ChessBase"]
[SourceDate "2017.10.13"]
[SourceVersion "1"]
[SourceVersionDate "2017.10.13"]
[SourceQuality "1"]

1. e4 e5 2. Nf3 Nc6 3. Bb5 a6 4. Ba4 Bc5 5. c3 d6 6. d4 exd4 7. cxd4 Bb4+ 8. Bd2 Bxd2+ 9. Nbxd2 Bd7 10. 0-0 Nf6 11. Bc2 0-0 12. a3 Bg4 13. Qb1 h6 14. Re1 Re8 15. b4 Rb8 16. Re3 Bxf3 17. Nxf3 Re7 18. Qb2 Qe8 19. Rae1 Rd8 20. Nh4 g6 21. h3 Nd7 22. Bb3 Nb6 23. Nxg6 Red7 24. Rg3 Kh7 25. Nh4 Re7 26. f3 d5 27. Nf5 Re6 28. Qc1 Ne7 29. Ng7 Qc6 30. Nxe6 Qxc1 31. Rxc1 fxe6 32. Rxc7 Re8 33. Rxb7 Nc4 34. Ba4 Nd6 35. Bxe8 Nxb7 36. e5 Nd8 37. f4 Kh8 38. Rd3 Kg7 39. g4 Kf8 40. Bd7 Kg7 41. f5 exf5 42. gxf5 Kf7 43. Rg3 h5 44. Rg5 h4 45. Rh5 Nb7 46. Rxh4 Nd8 47. Rg4 Nb7 48. h4 Nd8 49. h5 Kf8 50. f6 Ng8 51. Rg6 Nf7 52. Be6 Nfh6 53. Bxg8 Nxg8 54. e6 a5 55. h6 1-0

[Event "GER-ch U10"]
[Site "Willingen"]
[Date "2016.05.18"]
[Round "6.15"]
[White "Nitsche, Nikolai"]
[Black "Lehmann, Nils"]
[Result "1-0"]
[WhiteElo "1371"]
[BlackElo "1305"]
[PlyCount "79"]
[EventDate "2016.05.15"]
[EventType "swiss"]
[EventRounds "11"]
[EventCountry "GER"]
[SourceTitle "CBM 172 Extra"]
[Source "ChessBase"]
[SourceDate "2016.06.21"]
[SourceVersion "1"]
[SourceVersionDate "2016.06.21"]
[SourceQuality "1"]

1. d4 Nf6 2. Bf4 e6 3. Nf3 b6 4. e3 Bb7 5. Bd3 d6 6. 0-0 Nbd7 7. Nbd2 g6 8. c3 Bg7 9. Re1 0-0 10. e4 e5 11. dxe5 dxe5 12. Bxe5 Nh5 13. Bxg7 Kxg7 14. Qe2 Nc5 15. Bc4 Re8 16. Rad1 Qe7 17. e5 Rad8 18. Qe3 h6 19. b4 Ne6 20. Bxe6 Qxe6 21. a3 Qf5 22. Nd4 Qd7 23. N2f3 Qe7 24. h3 Kh7 25. Nh2 g5 26. Ng4 Qf8 27. Qd3+ Kg8 28. Qe3 Qg7 29. Nf5 Qg6 30. Rxd8 Kf8 31. Rxe8+ Kxe8 32. Nfxh6 Kf8 33. e6 f5 34. e7+ Ke8 35. Qe5 fxg4 36. Qh8+ Kd7 37. e8Q+ Qxe8 38. Qxe8+ Kd6 39. Nf7+ Kd5 40. Qe6# 1-0

[Event "GER-ch U10"]
[Site "Willingen"]
[Date "2016.05.16"]
[Round "3.25"]
[White "Lehmann, Nils"]
[Black "Fuhrmann, Bahne"]
[Result "1-0"]
[WhiteElo "1305"]
[BlackElo "1034"]
[PlyCount "67"]
[EventDate "2016.05.15"]
[EventType "swiss"]
[EventRounds "11"]
[EventCountry "GER"]
[SourceTitle "CBM 172 Extra"]
[Source "ChessBase"]
[SourceDate "2016.06.21"]
[SourceVersion "1"]
[SourceVersionDate "2016.06.21"]
[SourceQuality "1"]

1. e4 c5 2. Nf3 e6 3. d4 cxd4 4. Nxd4 a6 5. Nc3 b5 6. a3 Bb7 7. Be2 Qc7 8. 0-0 Nf6 9. f3 Be7 10. Be3 d6 11. Qd2 Nbd7 12. Rac1 0-0 13. Kh1 Nb6 14. Bd3 Nc4 15. Bxc4 Qxc4 16. Qd3 d5 17. e5 Nd7 18. f4 Nc5 19. Qd2 Nd7 20. Qf2 f6 21. exf6 Rxf6 22. Qd2 e5 23. b3 Qc7 24. fxe5 Rxf1+ 25. Rxf1 Nxe5 26. Bf4 Bxa3 27. Re1 Bb4 28. Re3 Rf8 29. Ne6 Rxf4 30. Nxf4 Nc4 31. bxc4 Qxf4 32. Re8+ Kf7 33. Qxf4+ Kxe8 34. Qb8+ 1-0